000 00489cam a22002051 4500
001 sa 63000962
003 DLC
005 20260227111924.0
008 890705s1962 ii 000 0 kano
010 _asa 63000962
035 _a(OCoLC)19965210
040 _aDLC
_cWaU
_dDLC
050 0 0 _aPL4648
_b.M6
100 1 _aMūrtirāv, E. En.,
_d1900-
245 1 0 _aMinugumiñcu.
260 _c[1962]
300 _a119 p.
_c18 cm.
500 _aIn Kanarese.
650 0 _aKannada literature.
999 _c53732
_d53732